| 000 | 00968nam a2200325 i 4500 | ||
|---|---|---|---|
| 001 | bg | ||
| 003 | BPK | ||
| 005 | 20221107103146.0 | ||
| 008 | 030217s2002 pl a f |000 0 pol | ||
| 015 | _aPB 2003/6937 | ||
| 020 | _a8371931794 | ||
| 040 |
_aWA N _cBPK |
||
| 041 | 0 | _apol | |
| 080 | _a611.7 | ||
| 080 | _a612.7 | ||
| 080 | _a616.72 | ||
| 080 | _a615.47 | ||
| 080 | _a577.3 | ||
| 100 | 1 | _aGierzyńska-Dolna, Monika. | |
| 245 | 1 | 0 |
_aBiotribologia / _cMonika Gierzyńska-Dolna ; Politechnika Częstochowska. |
| 260 |
_aCzęstochowa : _bWydaw. PC, _c2002. |
||
| 300 |
_a156 s. : _bil. ; _c24 cm. |
||
| 504 | _aBibliogr. | ||
| 650 | 4 | _aStaw kolanowy sztuczny. | |
| 650 | 4 | _aBiotrybologia | |
| 650 | 4 | _aSztuczny staw biodrowy | |
| 710 | 2 |
_aPolitechnika Częstochowska. _bWydawnictwo. _4pbl. |
|
| 856 | 4 | 1 |
_uhttp://koha.tu.koszalin.pl/cgi-bin/koha/opac-detail.pl?biblionumber=51278 _zKatalog online BPK |
| 942 |
_2UKD _cKS |
||
| 999 |
_c51278 _d51278 |
||